[Event "M.Botvinnik Memorial 2012"]
[Site "St. Petersburg, Russia"]
[Date "2012.08.30"]
[Round "6.12"]
[White "Pakhomov, Egor"]
[Black "Tiviakov, Sergei"]
[Result "1/2-1/2"]
[WhiteElo "2417"]
[BlackElo "2674"]
[PlyCount "156"]
[EventDate "2012.08.25"]

1. Nf3 Nf6 2. c4 b6 3. g3 Bb7 4. Bg2 e6 5. O-O c6 6. b3 d5 7. Bb2 Be7 8. Qc2
O-O 9. d3 c5 10. Ne5 Nfd7 11. cxd5 Nxe5 12. Bxe5 exd5 13. Qb2 f6 14. Bf4 Nc6
15. Nc3 d4 16. Nd5 Rf7 17. e4 dxe3 18. fxe3 Bf8 19. e4 Qd7 20. Rad1 Rd8 21. Be3
Bd6 22. Qe2 Ba6 23. Qh5 Ne5 24. Bh3 Qe8 25. Qe2 Bf8 26. Rf4 Ng6 27. Rf2 Bb7 28.
Bg2 Ba6 29. Bh3 Ne5 30. Bf4 Bb7 31. Bg2 Bc8 32. h3 Nc6 33. Qb2 Be6 34. a3 Qd7
35. Kh2 Bd6 36. b4 Bxd5 37. exd5 Nd4 38. bxc5 bxc5 39. Re1 Re7 40. Rxe7 Qxe7
41. Bxd6 Qxd6 42. Qb7 Re8 43. Rf4 a6 44. Re4 Rxe4 45. dxe4 h5 46. Qc8+ Kf7 47.
Qb7+ Kg6 48. Qc8 h4 49. Qg4+ Kf7 50. Qxh4 c4 51. Qh5+ Ke7 52. Qd1 Qe5 53. Qd2
Nb5 54. Qb4+ Nd6 55. Qc5 c3 56. h4 Kf7 57. Qc7+ Kg6 58. Bf3 Kh7 59. Kh3 f5 60.
exf5 Qxf5+ 61. Kg2 c2 62. Qc3 Nb5 63. Qe3 Nd6 64. g4 Qc8 65. Qc1 Qc3 66. h5 Kg8
67. a4 a5 68. Kf2 Nc4 69. d6 Qd4+ 70. Ke2 Qxd6 71. Be4 Qh2+ 72. Kd3 Na3 73.
Bd5+ Kh8 74. Qe3 Qb8 75. h6 Qd8 76. hxg7+ Kxg7 77. Qe5+ Qf6 78. Qxf6+ Kxf6
1/2-1/2

[Event "M.Botvinnik Memorial 2012"]
[Site "St. Petersburg, Russia"]
[Date "2012.08.30"]
[Round "6.13"]
[White "Inarkiev, Ernesto"]
[Black "Chekhov, Sergei"]
[Result "1-0"]
[WhiteElo "2683"]
[BlackElo "2444"]
[PlyCount "83"]
[EventDate "2012.08.25"]

1. e4 c5 2. Nf3 e6 3. d4 cxd4 4. Nxd4 a6 5. Nc3 Qc7 6. Bd3 Nc6 7. Nxc6 bxc6 8.
O-O Nf6 9. Qe2 d5 10. Bg5 Be7 11. e5 Nd7 12. Bxe7 Kxe7 13. Rae1 g6 14. Qe3 h6
15. Qg3 Bb7 16. Nd1 c5 17. c4 d4 18. f4 Rag8 19. Nf2 Qa5 20. Ng4 Qxa2 21. Nxh6
Rxh6 22. Qg5+ Ke8 23. Qxh6 Qxb2 24. Qh3 Qd2 25. Re2 Qc3 26. Rb1 Bc6 27. Rc2 Qa3
28. Rcb2 Ke7 29. Qh4+ Kf8 30. Rb3 Qa2 31. Bf1 Qc2 32. R1b2 Qc1 33. Qh6+ Ke7 34.
Qg5+ Kf8 35. Ra2 Kg7 36. Rxa6 Be4 37. Rd6 d3 38. Rxd7 Qe3+ 39. Kh1 Qe1 40.
Rxf7+ Kxf7 41. Qf6+ Ke8 42. Qxe6+ 1-0

[Event "M.Botvinnik Memorial 2012"]
[Site "St. Petersburg, Russia"]
[Date "2012.08.30"]
[Round "6.14"]
[White "Khismatullin, Denis"]
[Black "Malakhov, Igor"]
[Result "1-0"]
[WhiteElo "2636"]
[BlackElo "2442"]
[PlyCount "80"]
[EventDate "2012.08.25"]

1. d4 Nf6 2. c4 c5 3. d5 g6 4. Nc3 Bg7 5. Nf3 O-O 6. e4 d6 7. Be2 e6 8. Nd2 Na6
9. O-O Nc7 10. Re1 a6 11. a3 exd5 12. cxd5 b5 13. Rb1 Nd7 14. Qc2 f5 15. exf5
Rxf5 16. Nde4 Nf6 17. Ng3 Re5 18. Bf4 Re8 19. Bf3 Rxe1+ 20. Rxe1 Qf8 21. Qd2
Bb7 22. Nge4 Rd8 23. Nxc5 dxc5 24. Bxc7 Rd7 25. Be5 b4 26. Na4 Nxd5 27. Bxg7
Kxg7 28. Qc1 Rc7 29. Bxd5 Bxd5 30. axb4 c4 31. Qc3+ Qf6 32. Re5 Bf7 33. Nc5 Kg8
34. h3 Qd6 35. Ne4 Qd1+ 36. Kh2 Qd3 37. f3 Kf8 38. Ra5 Qxc3 39. bxc3 Rc6 40.
Nc5 Rd6 1-0

[Event "M.Botvinnik Memorial 2012"]
[Site "St. Petersburg, Russia"]
[Date "2012.08.30"]
[Round "6.15"]
[White "Gordievsky, Dmitry"]
[Black "Khalifman, Alexander"]
[Result "0-1"]
[WhiteElo "2437"]
[BlackElo "2621"]
[PlyCount "112"]
[EventDate "2012.08.25"]

1. d4 g6 2. c4 Bg7 3. e4 d6 4. Nc3 Nf6 5. Be2 O-O 6. Bg5 c5 7. d5 h6 8. Be3 e6
9. Qd2 exd5 10. cxd5 Kh7 11. f3 Na6 12. g4 b5 13. Bxb5 Rb8 14. Nge2 Nc7 15. Bd3
Nd7 16. f4 Qh4+ 17. Bf2 Qxg4 18. Rg1 Qh3 19. O-O-O Ba6 20. Rg3 Qxh2 21. Bg1 Qh4
22. Bf2 Bxd3 23. Qxd3 Rb4 24. e5 Qh5 25. Rh3 Nxe5 26. fxe5 Qxe5 27. Rdh1 Kg8
28. Re3 Qf6 29. Rf3 Qe5 30. Bg3 Qe7 31. Re3 Qf6 32. Rf3 Qe7 33. Bf4 h5 34. Qe3
Qxe3+ 35. Rxe3 Nb5 36. Nxb5 Rxb5 37. Nc3 Rb4 38. Rf1 Rfb8 39. b3 Rxf4 40. Rxf4
Bh6 41. Rff3 Kg7 42. Kd2 h4 43. Ke2 Bxe3 44. Rxe3 g5 45. Ne4 Kg6 46. Kf3 g4+
47. Kf2 Rd8 48. Nd2 Rh8 49. Nc4 Rh5 50. Nxd6 h3 51. Re1 Rxd5 52. Nc4 f5 53. Re8
Kg5 54. Ke3 h2 55. Rh8 g3 56. Kf3 Rd1 0-1

[Event "M.Botvinnik Memorial 2012"]
[Site "St. Petersburg, Russia"]
[Date "2012.08.30"]
[Round "6.16"]
[White "Maletin, Pavel"]
[Black "Smirnov, Artem"]
[Result "1/2-1/2"]
[WhiteElo "2587"]
[BlackElo "2425"]
[PlyCount "133"]
[EventDate "2012.08.25"]

1. Nf3 Nf6 2. c4 g6 3. g3 Bg7 4. Bg2 c6 5. b3 a5 6. Bb2 O-O 7. O-O d6 8. d4 Na6
9. Nc3 Bf5 10. Ne1 Qb6 11. h3 Rad8 12. e4 Bc8 13. Nf3 e5 14. Re1 Rfe8 15. Re2
exd4 16. Nxd4 Nc5 17. Qc2 a4 18. Rd1 axb3 19. axb3 Nfd7 20. Red2 h5 21. Kh1 Nf8
22. Nce2 Re7 23. Nc1 Rde8 24. Re2 h4 25. gxh4 Nfe6 26. Nxe6 Nxe6 27. Bxg7 Nxg7
28. Rxd6 Qc5 29. Qd2 Qh5 30. Qg5 Re5 31. Qg3 Qh6 32. Nd3 Rh5 33. Re3 Rxh4 34.
Kg1 Ne6 35. Qe5 Ng7 36. Qf6 Bxh3 37. Rxh3 Rxh3 38. Rd7 Rf8 39. Bxh3 Qxh3 40.
Ne5 Nh5 41. Qg5 Ra8 42. Rd8+ Rxd8 43. Qxd8+ Kg7 44. Qe7 Qe6 45. Qxe6 fxe6 46.
Nd3 Kf6 47. Kg2 e5 48. Kf3 Ng7 49. Nc5 b5 50. cxb5 cxb5 51. Kg4 Ne8 52. Na6 Nd6
53. f3 Nb7 54. b4 Nd8 55. Nb8 Nf7 56. Nc6 Nd6 57. Nb8 Nc4 58. Nd7+ Ke6 59. Nc5+
Kf6 60. Na6 Ne3+ 61. Kh4 Nc2 62. Nc7 Nxb4 63. Nxb5 Nc2 64. Nc3 Nd4 65. Kg4 Ke6
66. Nd5 Kf7 67. Ne3 1/2-1/2

[Event "M.Botvinnik Memorial 2012"]
[Site "St. Petersburg, Russia"]
[Date "2012.08.30"]
[Round "6.17"]
[White "Iljiushenok, Ilia"]
[Black "Kovalenko, Igor"]
[Result "1-0"]
[WhiteElo "2413"]
[BlackElo "2586"]
[PlyCount "69"]
[EventDate "2012.08.25"]

1. e4 d5 2. exd5 Qxd5 3. Nc3 Qd6 4. Nf3 Bg4 5. h3 Bh5 6. Be2 Nc6 7. O-O O-O-O
8. d3 f5 9. Be3 Kb8 10. b4 e5 11. Rb1 Bxf3 12. Bxf3 Nd4 13. Bxd4 Qxd4 14. Nd5
Nf6 15. c3 Qh4 16. Nxf6 Qxf6 17. Qa4 g5 18. Rfe1 g4 19. hxg4 fxg4 20. Bxg4 Rg8
21. Re4 h5 22. Bxh5 Bh6 23. Qd1 Bf4 24. Bf3 Qh6 25. c4 Rg7 26. Qc2 Rf8 27. Kf1
Qh2 28. Rbe1 Bg3 29. R4e3 Bf4 30. Re4 a5 31. bxa5 Bg3 32. R4e3 Bh4 33. a6 e4
34. Rxe4 Bd8 35. Qb2 1-0

[Event "M.Botvinnik Memorial 2012"]
[Site "St. Petersburg, Russia"]
[Date "2012.08.30"]
[Round "6.18"]
[White "Fedorov, Alexei"]
[Black "Ponfilenok, Vladimir"]
[Result "1-0"]
[WhiteElo "2579"]
[BlackElo "2392"]
[PlyCount "75"]
[EventDate "2012.08.25"]

1. e4 e6 2. d4 d5 3. Nc3 Bb4 4. e5 c5 5. a3 Bxc3+ 6. bxc3 Qa5 7. Bd2 Qa4 8. Rb1
c4 9. h4 Qxa3 10. h5 Qe7 11. h6 Nxh6 12. Bxh6 gxh6 13. Rxh6 a5 14. Nh3 a4 15.
Qh5 a3 16. Ng5 a2 17. Ra1 Nc6 18. f4 Rf8 19. Rxh7 Nd8 20. Be2 Qa3 21. Kd2 Qb2
22. Qh1 Ra3 23. Rh3 Qb6 24. Qc1 Qa5 25. Nh7 Rh8 26. Rxa2 Rxa2 27. Nf6+ Ke7 28.
Rxh8 Bd7 29. f5 Bc6 30. Bf3 b5 31. Qb1 Ra4 32. fxe6 fxe6 33. Rh7+ Nf7 34. Bh5
b4 35. Bxf7 Kd8 36. Rh8+ Kc7 37. Bxe6 b3 38. Qh1 1-0

[Event "M.Botvinnik Memorial 2012"]
[Site "St. Petersburg, Russia"]
[Date "2012.08.30"]
[Round "6.19"]
[White "Alekseenko, Kirill"]
[Black "Epishin, Vladimir"]
[Result "1/2-1/2"]
[WhiteElo "2430"]
[BlackElo "2576"]
[PlyCount "99"]
[EventDate "2012.08.25"]

1. e4 c6 2. d4 d5 3. e5 Bf5 4. Nf3 e6 5. Be2 Bg6 6. O-O Nd7 7. c3 Be7 8. Nbd2
Nh6 9. Ne1 f6 10. exf6 Bxf6 11. Bd3 Bf7 12. Ndf3 Qe7 13. Qc2 O-O-O 14. b4 Bh5
15. b5 c5 16. b6 axb6 17. a4 c4 18. Be2 Qd6 19. a5 b5 20. Qb2 b4 21. cxb4 Kb8
22. g3 Bxf3 23. Nxf3 Nf7 24. a6 g5 25. Be3 b6 26. a7+ Ka8 27. Nd2 Rc8 28. Qc2
b5 29. Bf3 Qb6 30. Ne4 Bxd4 31. Nc3 Nfe5 32. Qe2 Nxf3+ 33. Qxf3 Rhf8 34. Qe2
Bxe3 35. fxe3 Ne5 36. Rxf8 Rxf8 37. Ra5 Nc6 38. Rxb5 Qxa7 39. Kg2 Rb8 40. Rxb8+
Kxb8 41. e4 Nxb4 42. exd5 Nxd5 43. Nxd5 exd5 44. Qe8+ Kb7 45. Qe7+ Kb6 46. Qe3+
Ka6 47. Qa3+ Kb6 48. Qe3+ Kb7 49. Qe7+ Kb6 50. Qe3+ 1/2-1/2

[Event "M.Botvinnik Memorial 2012"]
[Site "St. Petersburg, Russia"]
[Date "2012.08.30"]
[Round "6.20"]
[White "Dvoirys, Semen I"]
[Black "Zavoronkov, Vladimir"]
[Result "1-0"]
[WhiteElo "2533"]
[BlackElo "2384"]
[PlyCount "55"]
[EventDate "2012.08.25"]

1. e4 c5 2. Nf3 Nc6 3. d4 cxd4 4. Nxd4 Nf6 5. Nc3 d6 6. Bc4 Qb6 7. Nde2 e6 8.
O-O Be7 9. Ng3 h5 10. h3 h4 11. Nge2 a6 12. Be3 Qc7 13. Nd4 Bd7 14. a4 Nxe4 15.
Nxe4 d5 16. Bxd5 exd5 17. Nc3 Nxd4 18. Qxd4 Qc4 19. Qxg7 Rf8 20. Bg5 Be6 21.
Rfe1 Bxg5 22. Qxg5 Kd7 23. Nxd5 Bxd5 24. b3 Qc5 25. c4 Rg8 26. Qf5+ Kc6 27.
cxd5+ Kb6 28. Rac1 1-0

[Event "M.Botvinnik Memorial 2012"]
[Site "St. Petersburg, Russia"]
[Date "2012.08.30"]
[Round "6.21"]
[White "Lavrov, Maxim"]
[Black "Yakovich, Yuri"]
[Result "1-0"]
[WhiteElo "2372"]
[BlackElo "2525"]
[PlyCount "119"]
[EventDate "2012.08.25"]

1. e4 e6 2. d4 d5 3. e5 c5 4. c3 Nc6 5. Nf3 Bd7 6. Be2 f6 7. O-O fxe5 8. dxe5
Qc7 9. Re1 Nh6 10. Na3 a6 11. Nc2 Nf7 12. Bf4 O-O-O 13. Bf1 h6 14. Ne3 Ne7 15.
b4 g5 16. Bg3 h5 17. h3 c4 18. a4 b6 19. b5 a5 20. Qc2 Kb8 21. Rad1 Bc8 22. Qc1
Bg7 23. Qa3 Qc5 24. Qc1 Qc7 25. Qa3 Ka8 26. Rd2 Qc5 27. Qc1 Ng6 28. Qc2 Ngxe5
29. Nd4 g4 30. h4 Bd7 31. Qd1 Rhe8 32. Qc2 Rh8 33. Qd1 Qe7 34. Nc6 Bxc6 35.
bxc6 Qc5 36. c7 Qxc7 37. Nc2 Rhe8 38. Nd4 Qb7 39. Qc2 Nd3 40. Bxd3 cxd3 41.
Qxd3 e5 42. Nb5 e4 43. Qe3 Be5 44. Red1 Qc6 45. c4 Qc5 46. Qxc5 bxc5 47. Bxe5
Rxe5 48. Nc7+ Kb7 49. Nxd5 Kc8 50. Kh2 Ree8 51. Rb2 Ne5 52. Rdb1 Rf8 53. Rb7
Rf7 54. Ne7+ Rxe7 55. Rxe7 Nxc4 56. Rbb7 Rd4 57. Rec7+ Kd8 58. Rh7 Kc8 59.
Rbc7+ Kb8 60. Rce7 1-0

[Event "M.Botvinnik Memorial 2012"]
[Site "St. Petersburg, Russia"]
[Date "2012.08.30"]
[Round "6.22"]
[White "Aitbayev, Aslan"]
[Black "Goganov, Aleksey"]
[Result "1/2-1/2"]
[WhiteElo "2411"]
[BlackElo "2525"]
[PlyCount "75"]
[EventDate "2012.08.25"]

1. e4 e5 2. Nf3 Nc6 3. Bb5 Nf6 4. d3 d6 5. O-O Bd7 6. c3 g6 7. Re1 Bg7 8. d4
O-O 9. d5 Nb8 10. Bxd7 Nbxd7 11. c4 h6 12. Nc3 a5 13. Be3 Ng4 14. Bd2 f5 15.
Qc2 f4 16. a3 g5 17. b4 h5 18. Nb5 Nh6 19. h4 g4 20. Ng5 Nf7 21. Ne6 Qxh4 22.
Qd3 g3 23. Qf3 Nh6 24. Kf1 Ng4 25. Ke2 Nh2 26. fxg3 fxg3 27. Qe3 Rf2+ 28. Kd3
Rxg2 29. Nxg7 Kxg7 30. Qh6+ Kg8 31. Qe6+ Kh8 32. Qh6+ Kg8 33. Nxc7 Rf8 34. Qg6+
Kh8 35. Qh6+ Kg8 36. Qg6+ Kh8 37. Qh6+ Kg8 38. Qg6+ 1/2-1/2

[Event "M.Botvinnik Memorial 2012"]
[Site "St. Petersburg, Russia"]
[Date "2012.08.30"]
[Round "6.23"]
[White "Baghdasaryan, Vahe"]
[Black "Levin, Evgeny A"]
[Result "0-1"]
[WhiteElo "2368"]
[BlackElo "2512"]
[PlyCount "82"]
[EventDate "2012.08.25"]

1. e4 e6 2. d4 d5 3. Nc3 Bb4 4. Nge2 Nc6 5. a3 Ba5 6. Qd3 dxe4 7. Qg3 Nf6 8.
Bg5 Qd6 9. O-O-O Qxg3 10. hxg3 Ng4 11. Nxe4 f5 12. f3 fxe4 13. fxg4 Ne7 14. Nf4
e5 15. dxe5 Bxg4 16. Rd4 Nf5 17. Rd5 Bb6 18. Ne6 Nxg3 19. Nxg7+ Kf7 20. Rh4 h5
21. Nxh5 Bxh5 22. e6+ Kg6 23. Bc4 Nf5 24. g4 Kxg5 25. Rxh5+ Rxh5 26. gxh5 Kf6
27. Rd7 Ne7 28. Rd1 Rh8 29. Rf1+ Ke5 30. Rh1 c6 31. Kd2 Nd5 32. h6 Kxe6 33. h7
Kf5 34. Bf1 Nf6 35. Bh3+ Ke5 36. Rf1 Nxh7 37. Rf5+ Kd6 38. Rh5 Bd4 39. Rh6+ Kc7
40. Bf5 Ng5 41. Rg6 Nf3+ 0-1

[Event "M.Botvinnik Memorial 2012"]
[Site "St. Petersburg, Russia"]
[Date "2012.08.30"]
[Round "6.24"]
[White "Belozerov, Andrei"]
[Black "Serov, Maksim"]
[Result "1/2-1/2"]
[WhiteElo "2504"]
[BlackElo "2370"]
[PlyCount "106"]
[EventDate "2012.08.25"]

1. d4 f5 2. g3 g6 3. Bg2 Bg7 4. Nf3 Nf6 5. O-O O-O 6. b3 c5 7. e3 Na6 8. c4 b6
9. Ne5 Rb8 10. Nc3 Bb7 11. Bxb7 Rxb7 12. Qf3 Qa8 13. Bb2 d6 14. Nd3 Rd7 15. Qe2
Nc7 16. Rad1 Re8 17. Nf4 e6 18. Rfe1 Red8 19. d5 exd5 20. Ncxd5 Nfxd5 21. Nxd5
Nxd5 22. Rxd5 Re7 23. Bxg7 Kxg7 24. Red1 Re6 25. h3 Qc6 26. g4 Rf8 27. Qd3 fxg4
28. hxg4 Qd7 29. g5 Qe7 30. Kg2 Re4 31. Qe2 Rf5 32. Qb2+ Kg8 33. Rxd6 Qxg5+ 34.
Kf1 Qxe3 35. R6d3 Qh6 36. Rd8+ Rf8 37. Rxf8+ Qxf8 38. Rd7 Re7 39. Qd2 Rxd7 40.
Qxd7 Qf7 41. Qd6 h5 42. Kg2 Kh7 43. Qe5 Qb7+ 44. Kg3 Qd7 45. f3 Qd8 46. Qe6 Kh6
47. Kh3 Qg5 48. Qf7 Qe3 49. Qf8+ Kg5 50. Qd8+ Kf5 51. Qf8+ Ke5 52. Qh8+ Kf5 53.
Qf8+ Ke5 1/2-1/2

[Event "M.Botvinnik Memorial 2012"]
[Site "St. Petersburg, Russia"]
[Date "2012.08.30"]
[Round "6.25"]
[White "Krivonos, Nikolay"]
[Black "Rogozenco, Dorian"]
[Result "0-1"]
[WhiteElo "2258"]
[BlackElo "2504"]
[PlyCount "128"]
[EventDate "2012.08.25"]

1. d4 d6 2. c4 g6 3. Nc3 Bg7 4. Nf3 Nd7 5. g3 e5 6. Bg2 Ne7 7. O-O O-O 8. d5 h6
9. Ne1 f5 10. e4 Nf6 11. f3 c6 12. dxc6 bxc6 13. Nc2 Ba6 14. Na3 d5 15. b3 dxc4
16. Nxc4 Qd4+ 17. Qxd4 exd4 18. Na4 Bxc4 19. bxc4 fxe4 20. fxe4 Ng4 21. Rb1 d3
22. Bb2 Ne3 23. Bxg7 Kxg7 24. Rxf8 Kxf8 25. Nc5 d2 26. Bf3 Ke8 27. Kf2 Nxc4 28.
Ke2 Rd8 29. Rd1 Nc8 30. Nb3 Ke7 31. Nxd2 Ne5 32. Bg2 Nb6 33. Nf3 Rxd1 34. Kxd1
Kd6 35. Ke2 Nbc4 36. Nd4 Kc5 37. Nc2 Nd6 38. h4 g5 39. hxg5 hxg5 40. Kd2 Nb5
41. Bf1 Nd4 42. Ne1 Nb5 43. Nc2 a5 44. Bd3 Nd4 45. Kc3 Nb5+ 46. Kd2 Nd6 47. Ke3
Ndc4+ 48. Ke2 a4 49. Ne1 Kd4 50. Bc2 a3 51. Ng2 c5 52. Ne1 Kc3 53. Bb3 Nd2 54.
Bd5 c4 55. Ng2 Nb3 56. Kd1 Kb2 57. Ne3 Na5 58. Be6 c3 59. Bd5 Kb1 60. Nc2 Nac4
61. Bxc4 Nxc4 62. Nb4 g4 63. Ke2 c2 64. Nd3 Nb2 0-1

[Event "M.Botvinnik Memorial 2012"]
[Site "St. Petersburg, Russia"]
[Date "2012.08.30"]
[Round "6.26"]
[White "Predke, Alexandr"]
[Black "Bronnikova, Elizaveta"]
[Result "1-0"]
[WhiteElo "2483"]
[BlackElo "2238"]
[PlyCount "55"]
[EventDate "2012.08.25"]

1. e4 d6 2. d4 Nf6 3. Nc3 g6 4. Bg5 Bg7 5. f4 c6 6. Qd2 Qa5 7. Bd3 Nbd7 8. Nf3
e5 9. O-O exd4 10. Nb5 Qxd2 11. Nxd6+ Ke7 12. Nxc8+ Raxc8 13. Nxd2 Kf8 14. e5
Nd5 15. Nc4 h6 16. Bh4 g5 17. fxg5 Nxe5 18. g6 Rc7 19. Bg3 Nxc4 20. Bxc7 f6 21.
Bxc4 Nxc7 22. Rac1 h5 23. h4 b5 24. Bf7 c5 25. Rf5 Bh6 26. Rxc5 Na6 27. Rc8+
Kg7 28. Rxh8 1-0

[Event "M.Botvinnik Memorial 2012"]
[Site "St. Petersburg, Russia"]
[Date "2012.08.30"]
[Round "6.27"]
[White "Kiselev, Pavel"]
[Black "Kalegin, Evgenij"]
[Result "1/2-1/2"]
[WhiteElo "2179"]
[BlackElo "2480"]
[PlyCount "132"]
[EventDate "2012.08.25"]

1. d4 d6 2. Nf3 Nf6 3. c4 g6 4. Nc3 Bg7 5. e4 O-O 6. Be2 e5 7. O-O exd4 8. Nxd4
Re8 9. f3 c6 10. Nc2 Nh5 11. Be3 Be5 12. f4 Bxc3 13. Bxh5 Bxb2 14. Rb1 Bg7 15.
Bf3 f5 16. exf5 Bxf5 17. Rxb7 Bf6 18. Bf2 Qc8 19. Rb3 Nd7 20. Nb4 Nc5 21. Qxd6
Be7 22. Qxc6 Nxb3 23. Qxa8 Qxa8 24. Bxa8 Nd2 25. Re1 Rxa8 26. Rxe7 Rb8 27. Nc6
Rb1+ 28. Re1 Nxc4 29. Ne7+ Kf7 30. Nxf5 Rxe1+ 31. Bxe1 gxf5 32. Kf2 Ke6 33. Kf3
h5 34. Bf2 a6 35. Ke2 Kd5 36. Kf3 Nd2+ 37. Ke2 Ne4 38. Be1 Kd4 39. Ba5 Nf6 40.
Kf3 Ne4 41. h3 Kd5 42. Ke3 Nf6 43. Kd3 Ne4 44. Bc7 Kc6 45. Be5 Kd5 46. Bc7 Kc6
47. Bb8 Kd5 48. Ba7 Nd6 49. Bf2 Ne4 50. Bb6 Kc6 51. Ba7 Kd5 52. a4 Ng3 53. Bf2
Ne4 54. Be3 Nf6 55. a5 Ne4 56. Bb6 Nd6 57. Ke3 Nc4+ 58. Kf3 Nxb6 59. axb6 Kc6
60. g4 hxg4+ 61. hxg4 fxg4+ 62. Kxg4 a5 63. f5 a4 64. f6 a3 65. f7 a2 66. f8=Q
a1=Q 1/2-1/2

[Event "M.Botvinnik Memorial 2012"]
[Site "St. Petersburg, Russia"]
[Date "2012.08.30"]
[Round "6.28"]
[White "Timofeev, Artyom"]
[Black "Ganichev, Alexander"]
[Result "1-0"]
[WhiteElo "2639"]
[BlackElo "2227"]
[PlyCount "69"]
[EventDate "2012.08.25"]

1. e4 c5 2. Nf3 e6 3. d4 cxd4 4. Nxd4 Nc6 5. Nc3 d6 6. Be3 Nf6 7. Qd2 Be7 8.
Be2 a6 9. O-O-O O-O 10. f4 Qc7 11. g4 Nxd4 12. Qxd4 b5 13. g5 Nd7 14. f5 Rd8
15. fxe6 fxe6 16. Nd5 exd5 17. Qxd5+ Kh8 18. Qxa8 Nb6 19. Bxb6 Qxb6 20. Qd5 Bb7
21. Qd2 Bxe4 22. Rhg1 d5 23. Bd3 Bc5 24. Rg3 Rf8 25. g6 Bd6 26. Rg4 Bf3 27. Rh4
Bxd1 28. Rxh7+ Kg8 29. Qxd1 Re8 30. Kb1 Qf2 31. Be4 Re5 32. Bxd5+ Kf8 33. Be4
Bc7 34. Rh3 Ke7 35. Rf3 1-0

[Event "M.Botvinnik Memorial 2012"]
[Site "St. Petersburg, Russia"]
[Date "2012.08.30"]
[Round "6.29"]
[White "Andriasian, Zaven"]
[Black "Polyaninov, Aleksey"]
[Result "1/2-1/2"]
[WhiteElo "2600"]
[BlackElo "2316"]
[PlyCount "82"]
[EventDate "2012.08.25"]

1. e4 c5 2. Nf3 Nc6 3. Bb5 g6 4. Bxc6 dxc6 5. d3 Bg7 6. h3 e5 7. Be3 Qe7 8. Nc3
Nf6 9. Qd2 Nd7 10. a3 O-O 11. Bh6 Rd8 12. g4 Nf8 13. Bxg7 Kxg7 14. Ne2 c4 15.
Qc3 cxd3 16. cxd3 Re8 17. O-O-O c5 18. Nd2 Qf6 19. f4 exf4 20. Nxf4 Qxc3+ 21.
bxc3 Bd7 22. Nc4 Bc6 23. Rhf1 Rad8 24. Ne3 b5 25. Nfd5 c4 26. Rf2 Nd7 27. dxc4
bxc4 28. Nxc4 Nc5 29. Nf6 Rxd1+ 30. Kxd1 Rd8+ 31. Nd2 Bxe4 32. Ke2 Bc6 33. g5
Rd3 34. Nf3 Rxc3 35. Nd4 Ba4 36. Rf3 Rxf3 37. Kxf3 h6 38. h4 hxg5 39. hxg5 Kf8
40. Kf4 Ke7 41. Ke5 Nd7+ 1/2-1/2

[Event "M.Botvinnik Memorial 2012"]
[Site "St. Petersburg, Russia"]
[Date "2012.08.30"]
[Round "6.30"]
[White "Serrano Salvador, Eduardo"]
[Black "Grigoryan, Avetik"]
[Result "0-1"]
[WhiteElo "2319"]
[BlackElo "2579"]
[PlyCount "60"]
[EventDate "2012.08.25"]

1. d4 d5 2. c4 c6 3. Nf3 e6 4. e3 Bd6 5. Nc3 f5 6. Ne5 Nf6 7. f4 O-O 8. Be2 b6
9. Qa4 Bb7 10. O-O Qe7 11. Qb3 Nbd7 12. Bd2 c5 13. cxd5 Nxd5 14. Bf3 N7f6 15.
a4 Rac8 16. a5 Nxc3 17. Bxc3 Bxf3 18. Nxf3 Nd5 19. axb6 c4 20. Qb5 axb6 21. Bd2
Qe8 22. Qa6 Qc6 23. Rac1 b5 24. Qxc6 Rxc6 25. Ra1 b4 26. Rfc1 c3 27. bxc3 bxc3
28. Rc2 Rb8 29. Ne5 Bxe5 30. fxe5 Rb2 0-1

[Event "M.Botvinnik Memorial 2012"]
[Site "St. Petersburg, Russia"]
[Date "2012.08.30"]
[Round "6.31"]
[White "Neverov, Valeriy"]
[Black "Martynov, Pavel"]
[Result "0-1"]
[WhiteElo "2502"]
[BlackElo "2289"]
[PlyCount "86"]
[EventDate "2012.08.25"]

1. Nf3 d5 2. c4 c6 3. e3 Nf6 4. Nc3 e6 5. b3 Nbd7 6. Bb2 Bd6 7. d4 O-O 8. Bd3
Re8 9. h3 a6 10. O-O e5 11. dxe5 Nxe5 12. cxd5 cxd5 13. Rc1 Be6 14. Na4 Nxf3+
15. Qxf3 Ne4 16. Bxe4 dxe4 17. Qxe4 Bxh3 18. Qxb7 Qg5 19. f4 Qg6 20. Bd4 Rad8
21. Qf3 Bf5 22. Nc5 h6 23. Kh2 Bf8 24. Qg3 Qh5+ 25. Kg1 Rd6 26. Qh2 Qg4 27. Rf3
Rg6 28. Kf2 Be7 29. Rh1 Rc8 30. b4 Bh4+ 31. g3 Be4 32. Qg2 Bxf3 33. Qxf3 Bxg3+
34. Ke2 Qf5 35. Kd2 a5 36. a3 axb4 37. axb4 Ra6 38. Qe4 Ra2+ 39. Kd3 Qg4 40.
Kc4 Qe2+ 41. Kd5 Qb5 42. Qb1 Ra3 43. Qg1 Qc6+ 0-1

[Event "M.Botvinnik Memorial 2012"]
[Site "St. Petersburg, Russia"]
[Date "2012.08.30"]
[Round "6.32"]
[White "Vunder, Andrey"]
[Black "Kabanov, Nikolai"]
[Result "1/2-1/2"]
[WhiteElo "2248"]
[BlackElo "2501"]
[PlyCount "206"]
[EventDate "2012.08.25"]

1. d4 g6 2. Nf3 Bg7 3. c3 d6 4. e4 Nf6 5. Bd3 O-O 6. O-O Nc6 7. Re1 e5 8. Nbd2
Nh5 9. dxe5 dxe5 10. Qc2 Nf4 11. Bf1 Qf6 12. g3 Nh3+ 13. Kg2 Bg4 14. Be2 g5 15.
Nc4 h5 16. Rf1 Be6 17. Ne3 Ne7 18. Ng1 Nxg1 19. Kxg1 Qg6 20. b3 Rfd8 21. Ba3
Bf8 22. Rad1 Nc6 23. Bxf8 Kxf8 24. Bc4 Bh3 25. Rfe1 Ne7 26. Bf1 Be6 27. Bc4 Bh3
28. Bf1 Bd7 29. Nc4 Qf6 30. Be2 h4 31. Qc1 Bc6 32. Qe3 b6 33. Rxd8+ Rxd8 34.
Rd1 Ra8 35. Qf3 Qxf3 36. Bxf3 hxg3 37. Nxe5 gxh2+ 38. Kxh2 Kg7 39. Kg3 Be8 40.
Ng4 Bc6 41. Ne5 Re8 42. Nxc6 Nxc6 43. Rd7 Re7 44. Rxe7 Nxe7 45. Bh5 Kf6 46. f4
gxf4+ 47. Kxf4 Ng6+ 48. Ke3 Ke5 49. b4 c6 50. a3 Kd6 51. Be2 Ne5 52. Kf4 Ke6
53. Ke3 c5 54. Kf4 Kf6 55. Bf1 Ng6+ 56. Ke3 Ke5 57. Bc4 f6 58. Be2 Nf8 59. Bg4
Nh7 60. Be2 Ng5 61. Bd3 Nf7 62. bxc5 bxc5 63. a4 Nd6 64. Kf3 Nc8 65. Ke3 Nb6
66. Bb5 a5 67. Kf3 f5 68. exf5 Nd5 69. f6 Kxf6 70. c4 Nc3 71. Kf4 Ke6 72. Be8
Ne2+ 73. Ke4 Nd4 74. Bb5 Kd6 75. Be8 Ne6 76. Bb5 Ng7 77. Kf4 Ke6 78. Ke4 Nh5
79. Bc6 Ng3+ 80. Kf4 Nf1 81. Bb5 Nd2 82. Ke3 Nb3 83. Ke4 Kd6 84. Kf4 Nd4 85.
Ke4 Ne6 86. Kf5 Nc7 87. Ke4 Na8 88. Kf5 Nb6 89. Kf4 Ke6 90. Ke4 Nc8 91. Kf4 Nd6
92. Ba6 Nf7 93. Bb5 Ne5 94. Ke4 Ng6 95. Be8 Ne7 96. Bb5 Kf6 97. Bd7 Ng6 98. Kd5
Ne5 99. Bb5 Nd3 100. Kc6 Ke5 101. Kb6 Kd4 102. Kxa5 Nb2 103. Kb6 Nxa4+ 1/2-1/2

[Event "M.Botvinnik Memorial 2012"]
[Site "St. Petersburg, Russia"]
[Date "2012.08.30"]
[Round "6.33"]
[White "Rozum, Ivan"]
[Black "Markevich, Ilya"]
[Result "1/2-1/2"]
[WhiteElo "2500"]
[BlackElo "2210"]
[PlyCount "90"]
[EventDate "2012.08.25"]

1. d4 d5 2. c4 e6 3. Nf3 c5 4. cxd5 exd5 5. Nc3 Nc6 6. g3 Nf6 7. Bg2 Be7 8. O-O
O-O 9. dxc5 Bxc5 10. a3 a6 11. b4 Be7 12. Bb2 Bg4 13. h3 Be6 14. Rc1 Qd7 15.
Na4 Rad8 16. Ng5 d4 17. Nc5 Bxc5 18. Nxe6 Qxe6 19. Rxc5 Rfe8 20. Rc2 Ne4 21.
Qd3 f5 22. f4 Kh8 23. Kh2 Rd7 24. Rf3 Red8 25. Qb3 Qe7 26. Qc4 h6 27. Qd3 Qe6
28. Rc1 Ne7 29. Qb3 Qg6 30. Rd1 b5 31. Rdd3 Qc6 32. Qd1 Qc4 33. e3 Nc6 34. Kg1
Rd6 35. Bf1 Qa2 36. Qe2 Kh7 37. Bc1 Qxe2 38. Bxe2 dxe3 39. Rfxe3 Nd4 40. Bf1
Nc2 41. Rxd6 Rxd6 42. Rd3 Rg6 43. Kh2 Ne1 44. Re3 Nc2 45. Rd3 Ne1 1/2-1/2

[Event "M.Botvinnik Memorial 2012"]
[Site "St. Petersburg, Russia"]
[Date "2012.08.30"]
[Round "6.34"]
[White "Andrenko, Irina"]
[Black "Fedoseev, Vladimir"]
[Result "0-1"]
[WhiteElo "2228"]
[BlackElo "2498"]
[PlyCount "80"]
[EventDate "2012.08.25"]

1. e4 e6 2. d4 d5 3. Nc3 Bb4 4. e5 Ne7 5. Bd2 b6 6. Nce2 Bxd2+ 7. Qxd2 c5 8. c3
Nf5 9. f4 f6 10. g4 Nh4 11. O-O-O fxe5 12. fxe5 O-O 13. Ng3 Ba6 14. Bxa6 Nxa6
15. N1e2 b5 16. Kb1 b4 17. cxb4 Nf3 18. Qe3 Nxb4 19. dxc5 Qe8 20. Qc3 Qg6+ 21.
Nf5 exf5 22. Qxb4 fxg4+ 23. Ka1 Rad8 24. Qb3 Kh8 25. Qe3 Qc6 26. e6 Rde8 27.
Nf4 d4 28. Qc1 a5 29. Ne2 Qe4 30. Qc4 Ne5 31. Qxd4 Qxe2 32. e7 Rxe7 33. Rde1
Qxe1+ 34. Rxe1 Nf3 35. Rxe7 Nxd4 36. b3 h5 37. Ra7 Rf4 38. Kb2 Rf2+ 39. Kb1
Rxh2 40. Rxa5 g3 0-1